Introducción a la lectura del Pentateuco: claves para la interpretación de los cinco primeros libros de la Biblia

Guardat en:
Dades bibliogràfiques
Autor principal: Ska, Jean-Louis (Autor)
Format: Llibre
Idioma:espanyol
Publicat: Pamplona Verbo Divino 2001
Matèries:
Etiquetes: Afegir etiqueta
Sense etiquetes, Sigues el primer a etiquetar aquest registre!

MARC

LEADER 00000nam a2200000 a 4500
001 UCI8926
003 CL-VaPUC
008 081009e20010000SP |||||||||||||||||spa|d
020 |a 8481694355 
082 0 4 |a 222.1  |b SKA  |2 21 
100 0 |a Ska, Jean-Louis  |e author  |9 532576 
245 1 0 |a Introducción a la lectura del Pentateuco: claves para la interpretación de los cinco primeros libros de la Biblia 
300 |a 383 p 
942 |c BK 
945 |d 20081009 00:00:00  |a jtorresc 
260 |a Pamplona  |b Verbo Divino  |c 2001 
650 0 |a Biblia  |9 257603 
650 0 |a Antiguo testamento   |9 313678 
650 0 |a Pentateuco  |9 314343 
650 7 |a PROBLEMAS LITERARIOS  |2 CL-VaPUC  |9 532577 
583 |a last modification  |c 20171003 09:32:50  |k Rodrigo Vera 
999 |c 331660  |d 331658 
952 |0 0  |1 0  |2 ddc  |4 0  |6 222_100000000000000_SKA_2001  |7 0  |8 A  |9 418537  |a BIBTEO  |b BIBTEO  |d 2019-11-22  |i 4487656  |l 3  |o 222.1 SKA 2001  |p 4487656  |r 2025-01-17  |s 2022-04-04  |w 2019-11-22  |y BK  |k ICR